Marque de ski avec indice - Statistiques

Statistiques générales
  • Ce quiz a été pris 96 fois
  • Le résultat moyen est 8 sur 20
Statistiques - réponses
Hint Réponse % Correct
Oiseau Rossignol
93%
Tête Head
79%
Trail Salomon
71%
Race Atomic
68%
Etoile Dynastar
61%
Nordique Fischer
58%
Zig Zag
45%
Clan Faction
41%
Montagne K2
35%
Ligne Line
35%
Sud Nordica
35%
Sombre Black Crows
29%
Neige Blizzard
29%
Allemagne Volkl
29%
Artillerie Armada
28%
Mammifère Elan
24%
Vélo Scott
23%
Château Kästle
21%
Hirscher Van Deer
19%
Bouger Movement
16%
Aucun quiz correspondant
Distribution des résultats
% des personnes avec chaque résultat
Percentile par nombre de réponses
Votre historique - résultats
Vous n’avez pas pris ce quiz